Two centuries of service (Record no. 107571)

MARC details
000 -LEADER
fixed length control field 00778cam a22001935a 4500
001 - CONTROL NUMBER
control field L140914
008 - FIXED-LENGTH DATA ELEMENTS--GENERAL INFORMATION
fixed length control field 071017s1982 xxkbchog 000 0deng d
035 ## - SYSTEM CONTROL NUMBER
System control number (Sirsi) u140914
041 0# - LANGUAGE CODE
Language code of text/sound track or separate title eng
050 04 - LIBRARY OF CONGRESS CALL NUMBER
Classification number 920 $2 18
110 2# - MAIN ENTRY--CORPORATE NAME
Corporate name or jurisdiction name as entry element Richard Ellis
9 (RLIN) 1875
245 00 - TITLE STATEMENT
Title Two centuries of service
260 ## - PUBLICATION, DISTRIBUTION, ETC.
Place of publication, distribution, etc. [S.l.]
Name of publisher, distributor, etc. Richard Ellis
Date of publication, distribution, etc. 1982
300 ## - PHYSICAL DESCRIPTION
Extent 36 p.
Other physical details col. ill., ports.
Dimensions 30 cm. +
Accompanying material 2 sheets (29 x 78 cm., folded to 29 x 20 cm. and 27 x 24 cm., folded to 27 x 12 cm.)
520 ## - SUMMARY, ETC.
Summary, etc. The history of the firm of Richard Ellis from 1773 to 1982. Item is accompanied by a timeline and a leaflet on chartered surveyors, which are housed in a pocket inside the rear cover.
651 #4 - SUBJECT ADDED ENTRY--GEOGRAPHIC NAME
Geographic name United Kingdom
Chronological subdivision
690 ## - LOCAL SUBJECT ADDED ENTRY--TOPICAL TERM (OCLC, RLIN)
Topical term or geographic name as entry element ABOUT RICS-RICS MEMBERS-CHARTERED SURVEYORS
942 ## - ADDED ENTRY ELEMENTS (KOHA)
Suppress in OPAC 0
Holdings
Withdrawn status Lost status Source of classification or shelving scheme Damaged status Not for loan Home library Current library Shelving location Date acquired Total Checkouts Full call number Barcode Date last seen Date last checked out Copy number Price effective from Koha item type
    Dewey Decimal Classification     London London Reference copy 17/10/2007 1 920 RIC 30072745 06/08/2019 17/10/2007 1 06/08/2019 Book